| 000 | 00361nam a22001577a 4500 | ||
|---|---|---|---|
| 003 | SGT | ||
| 020 | _a978-93-325-1726-4 | ||
| 082 |
_a150 _bO14W |
||
| 100 | _aWARREN, GAIL STEPTOC | ||
| 245 | _aOCCUPATIONAL PSYCHOLOGY: AN APPLIED APPROACH | ||
| 250 | _a1ST | ||
| 260 |
_aINIDA _bPEARSON _c2014 |
||
| 300 | _a318 | ||
| 650 | _aPSYCHOLOGY | ||
| 942 |
_2ddc _cBK |
||
| 999 |
_c10664 _d10664 |
||